[Event "HZ Chess Tournament 2019"]
[Site "Vlissingen"]
[Date "2019.08.09"]
[Round "8.2"]
[White "Werle, Jan"]
[Black "Van Wely, Loek"]
[Result "1/2-1/2"]
[WhiteElo "2540"]
[BlackElo "2608"]
[PlyCount "25"]
[EventCountry "NED"]

1. d4 Nf6 2. c4 g6 3. Nc3 d5 4. Nf3 Bg7 5. h4 c6 6. cxd5 cxd5 7. Bf4 Nc6 8. e3
O-O 9. Qb3 Na5 10. Qb4 Nc6 11. Qb3 Na5 12. Qb4 Nc6 13. Qb3 1/2-1/2

[Event "HZ Chess Tournament 2019"]
[Site "Vlissingen"]
[Date "2019.08.09"]
[Round "8.3"]
[White "L'Ami, Erwin"]
[Black "Zwirs, Nico"]
[Result "0-1"]
[WhiteElo "2622"]
[BlackElo "2391"]
[PlyCount "124"]
[EventCountry "NED"]

1. d4 d5 2. c4 e6 3. Nf3 Nf6 4. g3 dxc4 5. Bg2 c6 6. a4 Bb4+ 7. Bd2 a5 8. Qc2
O-O 9. Bxb4 axb4 10. Qxc4 Qa5 11. b3 b6 12. O-O Ba6 13. Qc2 Nbd7 14. Rc1 Rac8
15. Qd1 Rfd8 16. Qe1 e5 17. Ra2 e4 18. Nfd2 Re8 19. e3 c5 20. Nc4 Bxc4 21. bxc4
b5 22. cxb5 c4 23. Rac2 c3 24. Nxc3 bxc3 25. Rxc3 Rxc3 26. Qxc3 Qxa4 27. Qc6
Qa7 28. Bh3 h5 29. Kg2 Rb8 30. Bf5 Qb7 31. Qd6 Qxb5 32. Bxd7 Nxd7 33. Rc7 Nf6
34. Rc5 Qb2 35. h3 Re8 36. Qf4 Qb8 37. Qf5 Qd6 38. Re5 Re6 39. g4 hxg4 40. hxg4
Qd7 41. Ra5 g6 42. Qf4 Kg7 43. Rc5 Re8 44. Kg3 Nd5 45. Qg5 Qd6+ 46. Kg2 Nf6 47.
Qh4 Rh8 48. Qg3 Qa6 49. Rc7 Qe6 50. g5 Ng4 51. Rc5 Rh5 52. Qf4 Rh2+ 53. Qxh2
Nxh2 54. Kxh2 Qg4 55. Re5 Kf8 56. Kh1 f5 57. gxf6 Kf7 58. Kh2 Kxf6 59. Kh1 g5
60. Ra5 Qe2 61. Kg2 g4 62. Ra8 g3 0-1

[Event "HZ Chess Tournament 2019"]
[Site "Vlissingen"]
[Date "2019.08.09"]
[Round "8.6"]
[White "Elgersma, Onno"]
[Black "Hausrath, Daniel"]
[Result "1/2-1/2"]
[WhiteElo "2171"]
[BlackElo "2502"]
[PlyCount "85"]
[EventCountry "NED"]

1. e4 c6 2. d4 d5 3. e5 Bf5 4. Nf3 e6 5. Be2 Nd7 6. O-O Bg6 7. Nbd2 Nh6 8. Nb3
Be7 9. a4 a5 10. Bd2 O-O 11. Rc1 Qb6 12. c4 dxc4 13. Bxc4 Bb4 14. Bg5 Qc7 15.
Be2 Nf5 16. Nh4 Nxh4 17. Bxh4 Rfe8 18. h3 Be7 19. Bxe7 Rxe7 20. Qd2 Qb6 21. Qe3
Ree8 22. f4 Rad8 23. g4 Be4 24. Nc5 Bd5 25. Nd3 f6 26. Rc3 Rf8 27. Rf2 fxe5 28.
fxe5 Rxf2 29. Kxf2 Rf8+ 30. Kg3 h6 31. Nf4 Qxb2 32. Nxd5 cxd5 33. Rb3 Qa1 34.
Rxb7 Qe1+ 35. Kg2 Rf7 36. Rc7 Qa1 37. Bb5 Nf8 38. Rxf7 Kxf7 39. Qf2+ Ke7 40.
Qh4+ Kf7 41. Qf2+ Ke7 42. Qc2 Kf7 43. Qf2+ 1/2-1/2

[Event "HZ Chess Tournament 2019"]
[Site "Vlissingen"]
[Date "2019.08.09"]
[Round "8.7"]
[White "Van Baar, Esper"]
[Black "Ortiz Suarez, Isan Reynald"]
[Result "0-1"]
[WhiteElo "2241"]
[BlackElo "2551"]
[PlyCount "78"]
[EventCountry "NED"]

1. e4 c5 2. Nf3 d6 3. d4 cxd4 4. Nxd4 Nf6 5. Nc3 a6 6. Be3 e6 7. g3 b5 8. Bg2
Bb7 9. a3 Nbd7 10. Nb3 Ne5 11. O-O Nc4 12. Bc1 Rc8 13. Nd4 Qc7 14. Nde2 Be7 15.
b3 Nb6 16. Be3 O-O 17. h3 Rfd8 18. Qd4 Nfd7 19. Qd2 d5 20. exd5 Nf6 21. Bf4 e5
22. Bg5 Nbxd5 23. Nxd5 Nxd5 24. Bxe7 Nxe7 25. Qb4 Bxg2 26. Kxg2 Qb7+ 27. Kg1
Rxc2 28. Rad1 Rdc8 29. Qd6 Ng6 30. Rd2 h5 31. h4 Qf3 32. Rxc2 Rxc2 33. Nc1 e4
34. Qd8+ Kh7 35. Qd5 Nxh4 36. gxh4 Qg4+ 37. Kh2 Rc3 38. f3 Rc2+ 39. Kh1 Qg2#
0-1

[Event "HZ Chess Tournament 2019"]
[Site "Vlissingen"]
[Date "2019.08.09"]
[Round "8.12"]
[White "Afek, Yochanan"]
[Black "Krause, Thomas"]
[Result "1-0"]
[WhiteElo "2248"]
[BlackElo "2062"]
[PlyCount "169"]
[EventCountry "NED"]

1. e4 Nf6 2. Nc3 d5 3. e5 Nfd7 4. d4 e6 5. Nce2 c5 6. c3 Nc6 7. Nf3 Be7 8. a3
c4 9. Be3 Na5 10. Nd2 Nb6 11. Ng3 Bd7 12. Qg4 g6 13. Bh6 f5 14. exf6 Bxf6 15.
Qe2 Na4 16. Rb1 Qe7 17. f4 O-O-O 18. Nf3 Nb6 19. Qd2 Ba4 20. Be2 Kb8 21. O-O
Nc8 22. Rbe1 Rde8 23. Bd1 Bxd1 24. Qxd1 Nd6 25. Bg5 Nf7 26. Bxf6 Qxf6 27. Ne5
Nxe5 28. fxe5 Qd8 29. Qg4 Re7 30. Rf6 Qb6 31. Qe2 Nc6 32. Ref1 a6 33. h3 Ka7
34. Kh2 Rhe8 35. R1f2 Nd8 36. h4 Qc7 37. h5 Rg7 38. hxg6 hxg6 39. Qg4 Reg8 40.
Kg1 Qb6 41. Qg5 Qb3 42. Nf1 Qd1 43. Rf8 Nc6 44. Rxg8 Rxg8 45. Qf6 Nd8 46. Qe7
Qh5 47. Rf3 Qh6 48. Ne3 Qh5 49. a4 g5 50. Qc5+ Kb8 51. Qd6+ Kc8 52. Rh3 Qf7 53.
Ng4 Qc7 54. Qb4 Nc6 55. Qc5 b6 56. Qa3 Qe7 57. Qxe7 Nxe7 58. Nf6 Rg7 59. g4 Ng6
60. Rh7 Rxh7 61. Nxh7 Kd7 62. Kf2 Nf4 63. Ke3 Nh3 64. Nf6+ Ke7 65. Nh5 Kf7 66.
Kf3 Kg6 67. Ke3 Kf7 68. Nf6 Ke7 69. Nh5 Kf7 70. Kf3 Kg6 71. Kg3 Ng1 72. Nf6
Ne2+ 73. Kf2 Nf4 74. Ke3 Kf7 75. Nd7 b5 76. a5 Nd3 77. b4 Ke7 78. Nb8 Kd8 79.
Nxa6 Nb2 80. Nc5 Nd1+ 81. Kd2 Nf2 82. Nxe6+ Kc8 83. Nxg5 Nxg4 84. Ne6 Nf2 85.
Nf4 1-0

[Event "HZ Chess Tournament 2019"]
[Site "Vlissingen"]
[Date "2019.08.09"]
[Round "8.18"]
[White "Mesman, Edwyn"]
[Black "Van der Zalm, Marnix"]
[Result "1-0"]
[WhiteElo "2172"]
[BlackElo "2062"]
[PlyCount "85"]
[EventCountry "NED"]

1. d4 g6 2. c4 f5 3. Nf3 Nf6 4. g3 Bg7 5. b4 O-O 6. Bb2 c6 7. Bg2 d5 8. Nbd2
Ne4 9. O-O Kh8 10. Rc1 Be6 11. c5 Nd7 12. Ne1 a5 13. a3 axb4 14. axb4 Ra2 15.
Nd3 Rxb2 16. Nxe4 Ra2 17. Ng5 Bg8 18. Nf3 Qc7 19. Ra1 Rfa8 20. Rxa2 Rxa2 21. e3
h6 22. Qb3 Ra8 23. Rb1 g5 24. b5 Bh7 25. Re1 Bg6 26. bxc6 bxc6 27. Qc3 Ra4 28.
Ra1 Qa7 29. Rxa4 Qxa4 30. Bf1 Bh5 31. Nd2 Qd1 32. Nb4 Qa4 33. Qb3 Qa8 34. Na6
e5 35. Qb1 exd4 36. exd4 Bxd4 37. Nb3 Bf6 38. Qxf5 Qe8 39. Bd3 Qe7 40. g4 Be8
41. Nc7 Kg7 42. Qh7+ Kf8 43. Qxh6+ 1-0

[Event "HZ Chess Tournament 2019"]
[Site "Vlissingen"]
[Date "2019.08.09"]
[Round "8.19"]
[White "Timmermans, Ivo"]
[Black "Le Clercq, Maxim"]
[Result "1-0"]
[WhiteElo "2168"]
[BlackElo "1970"]
[PlyCount "101"]
[EventCountry "NED"]

1. e4 c5 2. Nf3 e6 3. d4 cxd4 4. Nxd4 Nc6 5. Nc3 Qc7 6. Be3 a6 7. Qf3 Nf6 8. a3
Ne5 9. Qg3 d6 10. f4 Nc4 11. Bxc4 Qxc4 12. O-O-O b5 13. e5 dxe5 14. fxe5 Nd7
15. Nb3 Qc7 16. Bd4 Bb7 17. Rhe1 g6 18. Ne4 Rc8 19. Bc3 Bxe4 20. Rxe4 Nc5 21.
Nxc5 Bxc5 22. Rd3 O-O 23. Qh4 Rfd8 24. Rh3 h5 25. Qe1 Rd7 26. Qe2 Rcd8 27. Kb1
Rd1+ 28. Ka2 Qc6 29. b4 Qd5+ 30. Kb2 Bd4 31. Bxd4 Rxd4 32. Rxd4 Qxd4+ 33. Rc3
Rd5 34. Qe3 Qxe3 35. Rxe3 Rd2 36. Rd3 Rxg2 37. Rd6 Rxh2 38. Rxa6 Re2 39. a4
Rxe5 40. a5 Rd5 41. Ra8+ Kg7 42. a6 Kf6 43. a7 Rd7 44. c4 bxc4 45. Kc3 h4 46.
b5 h3 47. b6 Rd3+ 48. Kxc4 h2 49. Rh8 Ra3 50. Rxh2 Ke7 51. b7 1-0

[Event "HZ Chess Tournament 2019"]
[Site "Vlissingen"]
[Date "2019.08.09"]
[Round "8.20"]
[White "Skutta, Bernd"]
[Black "Lacrosse, Marc"]
[Result "0-1"]
[WhiteElo "2007"]
[BlackElo "2160"]
[PlyCount "80"]
[EventCountry "NED"]

1. d4 d5 2. Bf4 c5 3. e3 Nc6 4. c3 Nf6 5. Nd2 cxd4 6. exd4 Bf5 7. Ngf3 e6 8.
Bb5 Qb6 9. Qb3 Be7 10. Ne5 Rc8 11. Nxc6 bxc6 12. Be2 O-O 13. Qxb6 axb6 14. Ba6
Ra8 15. Bb7 Ra7 16. Bxc6 Bd3 17. Nf3 Rc8 18. Ne5 Ba6 19. Ba4 b5 20. Bb3 b4 21.
cxb4 Bxb4+ 22. Bd2 Bxd2+ 23. Kxd2 Ne4+ 24. Ke3 Rac7 25. Rhd1 Nd6 26. Nd3 Nf5+
27. Kf4 Nxd4 28. Nb4 Nxb3 29. axb3 Be2 30. Rd2 Bb5 31. Ke5 Kf8 32. Ra5 Rb7 33.
Kd6 Rb6+ 34. Ke5 f6+ 35. Kf4 Bd7 36. Nd3 Rxb3 37. f3 Bb5 38. Ne1 Rc7 39. Rc2
Rxc2 40. Nxc2 Rxb2 0-1

[Event "HZ Chess Tournament 2019"]
[Site "Vlissingen"]
[Date "2019.08.09"]
[Round "8.21"]
[White "Duchene, Rene"]
[Black "Hoffman, Ron"]
[Result "1/2-1/2"]
[WhiteElo "2157"]
[BlackElo "1987"]
[PlyCount "39"]
[EventCountry "NED"]

1. d4 Nf6 2. Nf3 g6 3. c4 Bg7 4. Nc3 O-O 5. e4 d6 6. Be2 e5 7. Be3 Ng4 8. Bg5
f6 9. Bh4 g5 10. Bg3 Nh6 11. dxe5 dxe5 12. Qd5+ Nf7 13. O-O-O c6 14. Qxd8 Rxd8
15. Nd2 Na6 16. Nb3 Be6 17. f3 Rxd1+ 18. Rxd1 Rd8 19. Rxd8+ Nxd8 20. a3 1/2-1/2

[Event "HZ Chess Tournament 2019"]
[Site "Vlissingen"]
[Date "2019.08.09"]
[Round "8.22"]
[White "Sparenberg, Erik"]
[Black "Reichardt, Gert"]
[Result "1-0"]
[WhiteElo "2146"]
[BlackElo "1987"]
[PlyCount "65"]
[EventCountry "NED"]

1. e4 c5 2. Nf3 g6 3. d4 cxd4 4. Nxd4 Bg7 5. Be3 Nc6 6. c4 d6 7. Nc3 Nf6 8. Be2
O-O 9. O-O a6 10. Rc1 Bd7 11. Nc2 Rc8 12. f3 Na5 13. Na3 Be6 14. Na4 Nd7 15.
Qd2 Nc6 16. Nc3 Nc5 17. Nd5 a5 18. Nb5 Bxd5 19. cxd5 Nb4 20. Bc4 Nba6 21. b3 b6
22. a3 Nb8 23. Nd4 Bxd4 24. Qxd4 f6 25. b4 Ncd7 26. Bb5 Rc7 27. Bc6 axb4 28.
axb4 Ra7 29. h4 Kf7 30. f4 Kg8 31. Rc3 Na6 32. Ra1 Qc7 33. Rca3 1-0

[Event "HZ Chess Tournament 2019"]
[Site "Vlissingen"]
[Date "2019.08.09"]
[Round "8.23"]
[White "Van Doren, Bas"]
[Black "Elgersma, Simon"]
[Result "1/2-1/2"]
[WhiteElo "1976"]
[BlackElo "2128"]
[PlyCount "85"]
[EventCountry "NED"]

1. e4 c6 2. d4 d5 3. f3 e6 4. Nc3 Nf6 5. Be3 Bb4 6. Qd3 dxe4 7. fxe4 b6 8. Bd2
Ba6 9. Qe3 Bxf1 10. Kxf1 c5 11. dxc5 Bxc5 12. Qd3 Qxd3+ 13. cxd3 Nc6 14. Nf3
O-O-O 15. Ke2 Rd7 16. a3 Rhd8 17. b4 Nd4+ 18. Nxd4 Bxd4 19. Rac1 Kb7 20. Bg5 h6
21. Bxf6 Bxf6 22. Rhd1 Bg5 23. Rc2 Rc7 24. d4 Rc4 25. d5 Bf6 26. Kd3 exd5 27.
exd5 Rd4+ 28. Ke2 Re8+ 29. Kf3 Rc4 30. Nb5 Rxc2 31. Nd6+ Kb8 32. Nxe8 Rc3+ 33.
Ke4 Rc4+ 34. Kf3 Be5 35. d6 Kc8 36. Rd5 Bxh2 37. Nxg7 Rf4+ 38. Ke3 Kd7 39. Nh5
Rf1 40. Ke2 Rc1 41. Nf6+ Kd8 42. Ng4 Bf4 43. Rf5 1/2-1/2

[Event "HZ Chess Tournament 2019"]
[Site "Vlissingen"]
[Date "2019.08.09"]
[Round "8.24"]
[White "Van Haaften, Maarten"]
[Black "De Wilde, Rik"]
[Result "0-1"]
[WhiteElo "1870"]
[BlackElo "2169"]
[PlyCount "60"]
[EventCountry "NED"]

1. e4 e6 2. d4 d5 3. Nd2 Nf6 4. e5 Nfd7 5. c3 c5 6. Bd3 Nc6 7. Ne2 cxd4 8. cxd4
f6 9. exf6 Nxf6 10. O-O Bd6 11. Nf3 Qc7 12. h3 O-O 13. Be3 Nh5 14. Ng5 g6 15.
Rc1 Qg7 16. Bb1 Bd7 17. a3 Rf6 18. Qd2 Raf8 19. Rc3 Qe7 20. Rd1 Bb8 21. h4 Na5
22. Ba2 Bb5 23. Nc1 Qd6 24. f4 Nxf4 25. Bxf4 Rxf4 26. g3 R4f6 27. Qg2 Nc4 28.
a4 Bc6 29. b3 Nb6 30. Nd3 Qxg3 0-1

[Event "HZ Chess Tournament 2019"]
[Site "Vlissingen"]
[Date "2019.08.09"]
[Round "8.25"]
[White "Oostvogels, Niek"]
[Black "Wagenvoorde, Guido"]
[Result "0-1"]
[WhiteElo "1929"]
[BlackElo "2128"]
[PlyCount "66"]
[EventCountry "NED"]

1. e4 c5 2. Nf3 d6 3. g3 Nc6 4. Bg2 g6 5. O-O Bg7 6. c3 e5 7. d3 Nge7 8. a3 O-O
9. b4 a6 10. Nbd2 h6 11. Nb3 b6 12. Re1 Be6 13. Nfd2 Rb8 14. Nf1 Qd7 15. Ne3
cxb4 16. axb4 d5 17. exd5 Nxd5 18. Bb2 Rfd8 19. Rxa6 Ncxb4 20. cxb4 Nxb4 21.
Ra1 Nxd3 22. Re2 Qb5 23. Rd2 Bxb3 24. Qe2 f5 25. Bf1 e4 26. Bxg7 Kxg7 27. Rxd3
Qxd3 28. Qb2+ Qd4 29. Ra7+ Bf7 30. Qa2 Rd7 31. Bc4 Rbb7 32. Rxb7 Rxb7 33. Qa8
Rc7 0-1

[Event "HZ Chess Tournament 2019"]
[Site "Vlissingen"]
[Date "2019.08.09"]
[Round "8.26"]
[White "Nellen, Marcel"]
[Black "Van Liempt, Michael"]
[Result "1/2-1/2"]
[WhiteElo "1854"]
[BlackElo "2091"]
[PlyCount "143"]
[EventCountry "NED"]

1. d4 Nf6 2. c4 g6 3. g3 Bg7 4. Bg2 O-O 5. Nc3 d6 6. e4 e5 7. d5 a5 8. Nge2 Na6
9. O-O Nc5 10. Rb1 Nh5 11. Be3 b6 12. a3 f5 13. b4 Na6 14. exf5 gxf5 15. Nc1
Qe8 16. Bf3 Nf6 17. Bg5 Qg6 18. Bxf6 Qxf6 19. N1e2 f4 20. Ne4 Qh6 21. N2c3 Bh3
22. Re1 Rf7 23. Bg4 Bxg4 24. Qxg4 Raf8 25. Re2 Rf5 26. Reb2 Kh8 27. bxa5 fxg3
28. fxg3 bxa5 29. Qe2 Qg6 30. Rb5 Nc5 31. Rxa5 Nxe4 32. Nxe4 Rf2 33. Nxf2 Qxb1+
34. Qf1 Qb6 35. Rb5 Qe3 36. Rb2 Qxa3 37. Re2 Qc3 38. Re4 Qc2 39. Qe2 Qb1+ 40.
Nd1 Bh6 41. Kg2 Ra8 42. Qf3 Rf8 43. Qe2 Qb4 44. Nf2 Qb7 45. Rh4 Bg7 46. Ne4 Qb1
47. Ng5 h6 48. Ne4 Kg8 49. Rg4 Rf7 50. c5 h5 51. Rg5 Qc1 52. cxd6 cxd6 53. Rxh5
Bh6 54. Nxd6 Rc7 55. Kh3 Rc2 56. Qf3 Qd2 57. Qf7+ Kh8 58. Qf6+ Kh7 59. Qf5+ Kh8
60. Rxh6+ Qxh6+ 61. Kg4 Qg7+ 62. Qg5 Rxh2 63. Qxg7+ Kxg7 64. Kf5 Rh5+ 65. Ke6
Kg6 66. Ne4 Rh8 67. d6 Kh5 68. Kxe5 Kg4 69. d7 Rd8 70. Kd6 Kf3 71. Ke7 Rxd7+
72. Kxd7 1/2-1/2

[Event "HZ Chess Tournament 2019"]
[Site "Vlissingen"]
[Date "2019.08.09"]
[Round "8.27"]
[White "Rosmuller, Anton"]
[Black "Hendrikse, Ad"]
[Result "1-0"]
[WhiteElo "2073"]
[BlackElo "1925"]
[PlyCount "49"]
[EventCountry "NED"]

1. g3 d5 2. Bg2 e6 3. f4 Nf6 4. Nf3 b6 5. O-O Bb7 6. d3 Nbd7 7. Qe1 Be7 8. Nc3
O-O 9. e4 dxe4 10. dxe4 Bc5+ 11. Be3 Qe7 12. e5 Ng4 13. Nd4 Bxg2 14. Kxg2 Nxe3+
15. Qxe3 Bxd4 16. Qxd4 Rfd8 17. Rad1 Nc5 18. Qc4 a5 19. a3 h6 20. b4 axb4 21.
axb4 Na6 22. Rxd8+ Qxd8 23. Rd1 Qe7 24. Ra1 Qd7 25. b5 1-0

[Event "HZ Chess Tournament 2019"]
[Site "Vlissingen"]
[Date "2019.08.09"]
[Round "8.28"]
[White "Westerweele, Maarten"]
[Black "Kraemer, Max"]
[Result "0-1"]
[WhiteElo "1847"]
[BlackElo "2041"]
[PlyCount "48"]
[EventCountry "NED"]

1. e4 e5 2. Nf3 Nc6 3. Bb5 Nf6 4. O-O Bc5 5. c3 Nxe4 6. d4 exd4 7. cxd4 Be7 8.
d5 Nd6 9. Ba4 b5 10. dxc6 bxa4 11. Nd4 O-O 12. Nc3 Bf6 13. Re1 Re8 14. Be3 Nc4
15. Nxa4 Nxe3 16. fxe3 dxc6 17. Nc5 Rxe3 18. Nc2 Rxe1+ 19. Qxe1 Bf5 20. Rd1 Qe7
21. Qf2 g6 22. Kf1 Rd8 23. Re1 Qd6 24. Kg1 Bxc2 0-1

[Event "HZ Chess Tournament 2019"]
[Site "Vlissingen"]
[Date "2019.08.09"]
[Round "8.29"]
[White "Berghuis, Marten"]
[Black "Hendrix, Joachim"]
[Result "0-1"]
[WhiteElo "2031"]
[BlackElo "1871"]
[PlyCount "70"]
[EventCountry "NED"]

1. e4 g6 2. d4 Bg7 3. Nc3 d6 4. Be3 a6 5. h4 Nf6 6. f3 h5 7. Qd2 c6 8. O-O-O b5
9. Kb1 Qc7 10. e5 Nd5 11. Nxd5 cxd5 12. exd6 Qxd6 13. Bf4 Qb6 14. Be5 Kf8 15.
Qf4 Nc6 16. Bxg7+ Kxg7 17. g4 Qb8 18. Qg5 Qd6 19. Ne2 f6 20. Qe3 hxg4 21. Bg2
Na5 22. Nc1 Nc4 23. Qe2 g3 24. f4 Ra7 25. h5 Qxf4 26. h6+ Rxh6 27. Rxh6 Kxh6
28. Rh1+ Kg7 29. Bxd5 Bg4 30. Qe1 Qe3 31. Qb4 Qxd4 32. Bxc4 Qxc4 33. Qd2 g5 34.
Qd8 Bf5 35. Nd3 Rc7 0-1

[Event "HZ Chess Tournament 2019"]
[Site "Vlissingen"]
[Date "2019.08.09"]
[Round "8.30"]
[White "Boecker, Juergen"]
[Black "Hng, Mei-En Emmanuelle"]
[Result "0-1"]
[WhiteElo "1858"]
[BlackElo "2026"]
[PlyCount "54"]
[EventCountry "NED"]

1. e4 c5 2. Nc3 e6 3. f4 Ne7 4. Nf3 Nbc6 5. d3 d5 6. g3 d4 7. Ne2 b5 8. Bg2 Bb7
9. O-O h5 10. Bd2 Ng8 11. a3 Nf6 12. h3 Be7 13. Ne5 Nxe5 14. fxe5 Nd7 15. b4
Nxe5 16. bxc5 Bxc5 17. Bf4 Ng6 18. Rb1 Bc6 19. Rb3 a5 20. Qa1 e5 21. Bd2 Qe7
22. Rfb1 a4 23. Rxb5 Bxb5 24. Rxb5 Bxa3 25. c4 O-O 26. Qb1 Bd6 27. c5 Bxc5 0-1

[Event "HZ Chess Tournament 2019"]
[Site "Vlissingen"]
[Date "2019.08.09"]
[Round "8.31"]
[White "Haak, Eelco"]
[Black "Leentjens, Gilbert"]
[Result "0-1"]
[WhiteElo "2003"]
[BlackElo "1869"]
[PlyCount "70"]
[EventCountry "NED"]

1. d4 Nf6 2. c4 g6 3. Nc3 d5 4. Bg5 Bg7 5. Nf3 dxc4 6. e4 c5 7. d5 b5 8. e5 b4
9. Nb5 a6 10. Bxf6 exf6 11. Nd6+ Kf8 12. Bxc4 fxe5 13. Nxf7 Kxf7 14. d6+ Be6
15. Bxe6+ Kxe6 16. Qb3+ Kf6 17. Nxe5 Kxe5 18. O-O-O Qg5+ 19. Rd2 Bh6 20. Re1+
Kf6 21. Re6+ Kg7 22. Re7+ Qxe7 23. dxe7 Nc6 24. Qe6 Rac8 25. a3 Bxd2+ 26. Kxd2
Rhe8 27. f4 Nd4 28. Qxa6 Rc7 29. g4 Rexe7 30. g5 Rc6 31. Qa8 Rd6 32. Qb8 Red7
33. Qc8 Ne6+ 34. Ke3 Rd3+ 35. Ke4 R7d4+ 0-1

[Event "HZ Chess Tournament 2019"]
[Site "Vlissingen"]
[Date "2019.08.09"]
[Round "8.32"]
[White "Galle, Andre"]
[Black "Baete, Guy"]
[Result "1/2-1/2"]
[WhiteElo "1983"]
[BlackElo "1838"]
[PlyCount "28"]
[EventCountry "NED"]

1. d4 d6 2. Nf3 g6 3. e4 Bg7 4. c4 Nf6 5. Nc3 O-O 6. Be2 c5 7. dxc5 dxc5 8.
Qxd8 Rxd8 9. Be3 b6 10. O-O Bb7 11. Rfd1 Nc6 12. h3 Rxd1+ 13. Rxd1 Rd8 14.
Rxd8+ Nxd8 1/2-1/2

[Event "HZ Chess Tournament 2019"]
[Site "Vlissingen"]
[Date "2019.08.09"]
[Round "8.33"]
[White "De Boer, Robert"]
[Black "Smit, Manuel"]
[Result "1-0"]
[WhiteElo "1976"]
[BlackElo "1831"]
[PlyCount "155"]
[EventCountry "NED"]

1. e4 c5 2. c3 g6 3. d4 cxd4 4. cxd4 d5 5. e5 Bg7 6. Nf3 Bg4 7. Be2 Nc6 8. Nc3
e6 9. Nb5 Nge7 10. Nd6+ Kf8 11. Nxf7 Qb6 12. Nxh8 Bxh8 13. Be3 Bxf3 14. Bxf3
Nf5 15. O-O Ncxd4 16. Bg4 Nxe3 17. fxe3+ Nf5 18. Qb3 Kg8 19. Qc3 Re8 20. Rae1
Ne7 21. Qd4 Nc6 22. Bxe6+ Rxe6 23. Qf4 Bf6 24. exf6 Kf7 25. Kh1 Ne5 26. Qd4 Qb5
27. a4 Qb3 28. Qxa7 Ng4 29. Qd4 Re4 30. Qc3 Qxc3 31. bxc3 Nxe3 32. Rf3 Nc4 33.
Rxe4 dxe4 34. Rf1 b6 35. Kg1 Nb2 36. g4 h6 37. h4 g5 38. h5 Nxa4 39. Kg2 Nxc3
40. Kg3 b5 41. Ra1 b4 42. Ra6 Nd5 43. Rd6 Nc3 44. Rb6 Ne2+ 45. Kf2 Nf4 46. Rb5
Kxf6 47. Ke3 Ke6 48. Kxe4 Kf6 49. Rxb4 Ng2 50. Rb6+ Kg7 51. Rb7+ Kg8 52. Kf5
Nh4+ 53. Kf6 Kh8 54. Rg7 Nf3 55. Kg6 Ne5+ 56. Kxh6 Nxg4+ 57. Kg6 Ne5+ 58. Kf6
Ng4+ 59. Kf7 Ne5+ 60. Kf8 g4 61. Rg5 Nf3 62. Rxg4 Kh7 63. Rg6 Nh4 64. Rf6 Ng2
65. Kf7 Ne3 66. Ke6 Kg7 67. Rg6+ Kh7 68. Ke5 Nc4+ 69. Kf4 Nd2 70. Rd6 Nc4 71.
Rd4 Nb6 72. Kg5 Kg7 73. Rd6 Nc4 74. h6+ Kh7 75. Re6 Kg8 76. Kg6 Kf8 77. Re1 Nd6
78. h7 1-0

[Event "HZ Chess Tournament 2019"]
[Site "Vlissingen"]
[Date "2019.08.09"]
[Round "8.34"]
[White "Kunnavakkam, Sudarshanagop"]
[Black "Volkers, Annemarie"]
[Result "1-0"]
[WhiteElo "1744"]
[BlackElo "1966"]
[PlyCount "43"]
[EventCountry "NED"]

1. e4 c5 2. d4 cxd4 3. c3 dxc3 4. Nxc3 Nc6 5. Bc4 e6 6. Nf3 Bc5 7. O-O a6 8.
Qe2 Nge7 9. e5 d5 10. exd6 Bxd6 11. Rd1 Qc7 12. Ne4 Bf4 13. Bxf4 Qxf4 14. Nd6+
Kf8 15. Qd3 g6 16. Qc3 Rg8 17. g3 Qh6 18. Ne4 g5 19. Ne5 Nxe5 20. Rd8+ Kg7 21.
Qxe5+ f6 22. Qc7 1-0

[Event "HZ Chess Tournament 2019"]
[Site "Vlissingen"]
[Date "2019.08.09"]
[Round "8.35"]
[White "Oosting, Robert"]
[Black "Reichardt, Robin"]
[Result "1/2-1/2"]
[WhiteElo "1962"]
[BlackElo "1811"]
[PlyCount "80"]
[EventCountry "NED"]

1. e4 e5 2. Nf3 Nc6 3. Bb5 a6 4. Ba4 Nf6 5. O-O Be7 6. Re1 b5 7. Bb3 O-O 8. d4
Nxd4 9. Bxf7+ Rxf7 10. Nxe5 Rf8 11. Qxd4 c5 12. Qd1 Qc7 13. Nf3 Bb7 14. Nc3 Ng4
15. Nd5 Qd6 16. h3 Ne5 17. Nxe5 Qxe5 18. f4 Qd6 19. Be3 Bh4 20. Rf1 Bxd5 21.
exd5 Rae8 22. Qf3 Re7 23. b4 cxb4 24. Rad1 Rfe8 25. Bd4 Bf6 26. Be5 Bxe5 27.
fxe5 Qxe5 28. Rde1 Qxe1 29. Rxe1 Rxe1+ 30. Kh2 R1e5 31. d6 R5e6 32. Qd5 Rc8 33.
Qb7 Rc6 34. Qxd7 Rcxd6 35. Qc8+ Kf7 36. Qc5 Rc6 37. Qf5+ Rf6 38. Qd7+ Kg6 39.
Qg4+ Kf7 40. Qd7+ Kg6 1/2-1/2

[Event "HZ Chess Tournament 2019"]
[Site "Vlissingen"]
[Date "2019.08.09"]
[Round "8.36"]
[White "Verbruggen, Samuel"]
[Black "Braun, Eric"]
[Result "1-0"]
[WhiteElo "1960"]
[BlackElo "1602"]
[PlyCount "61"]
[EventCountry "NED"]

1. e4 c5 2. Nf3 d6 3. d4 cxd4 4. Nxd4 Nf6 5. Nc3 Nc6 6. Bg5 e6 7. Qd2 a6 8.
O-O-O Be7 9. Be2 Qa5 10. f4 O-O 11. Kb1 Re8 12. Bf3 Nxd4 13. Qxd4 h6 14. Bh4
Qc5 15. Qd2 Rb8 16. Bf2 Qa5 17. Rhe1 e5 18. f5 b5 19. Ba7 Rb7 20. Qf2 b4 21.
Nd5 Nxd5 22. Rxd5 Qc7 23. Be3 Bd7 24. g4 Rc8 25. Rd2 Ba4 26. b3 Bb5 27. h4 Qc3
28. g5 hxg5 29. hxg5 Rbc7 30. Rh1 a5 31. Qh4 1-0

[Event "HZ Chess Tournament 2019"]
[Site "Vlissingen"]
[Date "2019.08.09"]
[Round "8.37"]
[White "Tibke, Jonas"]
[Black "Veer Sethi"]
[Result "0-1"]
[WhiteElo "1937"]
[BlackElo "1575"]
[PlyCount "52"]
[EventCountry "NED"]

1. e4 e6 2. d4 d5 3. Nd2 Nf6 4. e5 Nfd7 5. c3 c5 6. Bd3 Nc6 7. Ne2 Be7 8. O-O
O-O 9. Nf3 f5 10. exf6 Nxf6 11. Bg5 Bd6 12. Re1 Qc7 13. dxc5 Bxc5 14. Ned4 e5
15. Nxc6 bxc6 16. Nxe5 Bxf2+ 17. Kxf2 Ng4+ 18. Kg1 Qb6+ 19. Be3 Nxe3 20. Qe2
Ng4+ 21. Kh1 Nf2+ 22. Kg1 Nxd3+ 23. Kh1 Nxe1 24. Rxe1 Ba6 25. Qg4 Rae8 26. h4
Qf2 0-1

[Event "HZ Chess Tournament 2019"]
[Site "Vlissingen"]
[Date "2019.08.09"]
[Round "8.38"]
[White "Klein, Jorik"]
[Black "Coenen, Eduard"]
[Result "1-0"]
[WhiteElo "1804"]
[BlackElo "2101"]
[PlyCount "77"]
[EventCountry "NED"]

1. e4 g6 2. d4 Bg7 3. Nf3 d6 4. Nc3 a6 5. a4 b6 6. Bc4 e6 7. O-O Ne7 8. Re1 Nd7
9. Be3 h6 10. Ne2 Nf6 11. Qd3 Bb7 12. e5 Nfd5 13. Nf4 Nxe3 14. Qxe3 Nf5 15. Qb3
Bxf3 16. Bxe6 O-O 17. Bxf5 dxe5 18. Nxg6 Qg5 19. Ne7+ Qxe7 20. Qxf3 Qb4 21. Be4
Rad8 22. Qf5 Rfe8 23. Qh7+ Kf8 24. Re3 Qxd4 25. Rf1 Qd6 26. Rg3 Qf6 27. Rf3 Qd6
28. Rh3 Re7 29. Rd3 Red7 30. Rxd6 Rxd6 31. Qf5 Rd2 32. Bd3 c5 33. Qe4 Bf6 34.
Qc6 Kg7 35. Qe4 c4 36. Qh7+ Kf8 37. Qxh6+ Bg7 38. Qxd2 cxd3 39. Qb4+ 1-0

[Event "HZ Chess Tournament 2019"]
[Site "Vlissingen"]
[Date "2019.08.09"]
[Round "8.39"]
[White "De Jonge, Edwin"]
[Black "De Wolf, Johan"]
[Result "1/2-1/2"]
[WhiteElo "1788"]
[BlackElo "2075"]
[PlyCount "32"]
[EventCountry "NED"]

1. d4 Nf6 2. Nf3 e6 3. c4 d5 4. Nc3 Be7 5. Qc2 c6 6. e3 Nbd7 7. Bd3 dxc4 8.
Bxc4 c5 9. O-O cxd4 10. Nxd4 Ne5 11. Be2 Bd7 12. Nf3 Nxf3+ 13. Bxf3 Qc7 14. Qb3
Bc6 15. Bxc6+ Qxc6 16. Nb5 Rc8 1/2-1/2

[Event "HZ Chess Tournament 2019"]
[Site "Vlissingen"]
[Date "2019.08.09"]
[Round "8.40"]
[White "Van der Borgt, Peter"]
[Black "Wagner, Victoria"]
[Result "1/2-1/2"]
[WhiteElo "1938"]
[BlackElo "1799"]
[PlyCount "75"]
[EventCountry "NED"]

1. e4 c5 2. c3 d6 3. Nf3 Nf6 4. Bc4 e6 5. Qe2 Bd7 6. O-O Be7 7. d4 d5 8. exd5
exd5 9. Bd3 c4 10. Bc2 O-O 11. Ne5 Nc6 12. h3 Re8 13. Qf3 Nxe5 14. dxe5 Ne4 15.
Bxe4 dxe4 16. Qxe4 Qc8 17. Be3 b5 18. Bd4 Bd6 19. Qf4 Bc7 20. Nd2 f6 21. Rfe1
Qb8 22. Nf3 Bc6 23. Rad1 Qb7 24. Re3 Rad8 25. Rde1 Qb8 26. Qf5 Bxf3 27. gxf3
fxe5 28. Bxe5 Bxe5 29. Rxe5 Rf8 30. Qe4 a6 31. Re7 Qf4 32. Qxf4 Rxf4 33. Re8+
Rxe8 34. Rxe8+ Kf7 35. Re3 Rf6 36. Kg2 Rd6 37. Re2 Rg6+ 38. Kh2 1/2-1/2

[Event "HZ Chess Tournament 2019"]
[Site "Vlissingen"]
[Date "2019.08.09"]
[Round "8.41"]
[White "De Wilde, Steven"]
[Black "Van Gemert, Rogier"]
[Result "1-0"]
[WhiteElo "1771"]
[BlackElo "1933"]
[PlyCount "63"]
[EventCountry "NED"]

1. e4 g6 2. d4 Bg7 3. Nc3 a6 4. Nf3 d6 5. Be2 b5 6. O-O Nd7 7. Re1 Bb7 8. h3 c5
9. e5 cxd4 10. e6 Bxf3 11. exd7+ Kxd7 12. Bxf3 dxc3 13. Bxa8 Qxa8 14. b3 Nf6
15. Bf4 Qc6 16. Qe2 e6 17. Rad1 Nd5 18. Bh2 Rd8 19. Rd3 Kc8 20. Red1 Qc5 21.
Rf3 Rd7 22. Rxf7 e5 23. Rxd7 Kxd7 24. Qf3 Ke6 25. Qg4+ Ke7 26. Bg3 Nb4 27. Bh4+
Bf6 28. Bxf6+ Kxf6 29. Qh4+ Kg7 30. Qe7+ Kh6 31. Rxd6 Qc8 32. Rd7 1-0